[Event "Euskadi-chT (Vasca) Div 1st"]
[Site "Bergara"]
[Date "2017.02.11"]
[Round "5.4"]
[White "Astasio Lopez, David"]
[Black "Mindeguia Guruceaga, Juan Jesus"]
[Result "0-1"]
[WhiteElo "2393"]
[BlackElo "2156"]
[PlyCount "76"]
[EventDate "2017.01.14"]
[EventType "team-tourn"]
[EventRounds "9"]
[EventCountry "ESP"]
[SourceTitle "EXT 2024"]
[Source "ChessBase"]
[SourceDate "2023.10.10"]
[SourceVersion "1"]
[SourceVersionDate "2023.10.10"]
[SourceQuality "1"]

1. d4 e6 2. Nd2 c5 3. e3 d5 4. Ngf3 Nf6 5. c3 Nc6 6. Bd3 Bd6 7. 0-0 0-0 8. dxc5 Bxc5 9. e4 Qc7 10. exd5 exd5 11. h3 Bb6 12. Nb3 Ne4 13. Bc2 Bxh3 14. gxh3 Qg3+ 15. Kh1 Qxh3+ 16. Nh2 Bc7 17. f4 Ng3+ 18. Kg1 Bb6+ 19. Nd4 Nxd4 20. cxd4 Bxd4+ 21. Rf2 Bxf2+ 22. Kxf2 Qxh2+ 23. Kf3 Ne4 24. Be3 Rac8 25. Bb3 Qh3+ 26. Ke2 Qg2+ 27. Kd3 Nc5+ 28. Bxc5 Qe4+ 29. Kd2 Rxc5 30. Qf1 Qd4+ 31. Ke2 Re8+ 32. Kf3 Qe3+ 33. Kg2 Qd2+ 34. Kg3 Rc6 35. Kg4 Rg6+ 36. Kf5 Rf6+ 37. Kg5 h6+ 38. Kg4 Re4 0-1

[Event "Navarra-chT"]
[Site "Navarra"]
[Date "2016.10.29"]
[Round "4.3"]
[White "Mindeguia Guruceaga, Juan Jesus"]
[Black "Ros Iturgaiz, Ibai"]
[Result "1-0"]
[WhiteElo "2152"]
[BlackElo "1740"]
[PlyCount "51"]
[EventDate "2016.10.08"]
[EventType "team-tourn"]
[EventRounds "7"]
[EventCountry "ESP"]
[SourceTitle "CBM 175 Extra"]
[Source "ChessBase"]
[SourceDate "2016.12.12"]
[SourceVersion "1"]
[SourceVersionDate "2016.12.12"]
[SourceQuality "1"]
[WhiteTeam "Orvina"]
[BlackTeam "Arrano Elkartea"]
[WhiteTeamCountry "ESP"]
[BlackTeamCountry "ESP"]

1. c4 e5 2. Nf3 Nc6 3. d4 exd4 4. Nxd4 Bc5 5. Nb3 Be7 6. e4 d6 7. Nc3 Nf6 8. Be2 Ne5 9. Nd4 c6 10. 0-0 0-0 11. Bf4 Bg4 12. h3 Bxe2 13. Qxe2 h6 14. Nf5 Re8 15. Rfd1 Qc7 16. Rac1 Rad8 17. b3 Bf8 18. Qe3 a6 19. Bg3 Qa5 20. Bh4 Kh7 21. Nxh6 gxh6 22. Bxf6 Rd7 23. Qf4 Ng6 24. Qg4 Qc7 25. Qf5 Bg7 26. Nd5 1-0

[Event "Navarra-chTA"]
[Site "Pamplona"]
[Date "2015.10.24"]
[Round "3.4"]
[White "Mindeguia Guruceaga, Juan Jesus"]
[Black "Bayo Milagro, Alvaro"]
[Result "0-1"]
[WhiteElo "2174"]
[BlackElo "2162"]
[PlyCount "104"]
[EventDate "2015.10.10"]
[EventType "team-tourn"]
[EventRounds "7"]
[EventCountry "ESP"]
[SourceTitle "CBM 169 Extra"]
[Source "ChessBase"]
[SourceDate "2015.12.18"]
[SourceVersion "1"]
[SourceVersionDate "2015.12.18"]
[SourceQuality "1"]
[WhiteTeam "Orvina"]
[BlackTeam "San Juan"]
[WhiteTeamCountry "ESP"]
[BlackTeamCountry "ESP"]

1. e4 e6 2. d4 d5 3. e5 c5 4. c3 Nc6 5. Nf3 Bd7 6. Be2 Nge7 7. 0-0 cxd4 8. cxd4 Rc8 9. Na3 Qb6 10. b3 Nf5 11. Nc2 Nb4 12. Nxb4 Bxb4 13. Bb2 Bb5 14. Rc1 0-0 15. Rxc8 Rxc8 16. Bxb5 Qxb5 17. Qb1 Qa5 18. Rc1 Rxc1+ 19. Bxc1 Bc3 20. Qc2 h6 21. Bb2 Nxd4 22. Bxc3 Qxc3 23. Qxc3 Ne2+ 24. Kf1 Nxc3 25. a4 f6 26. Ke1 Kf7 27. a5 a6 28. Kd2 Nb5 29. Kd3 Na7 30. exf6 gxf6 31. Kd4 Nc6+ 32. Kc5 Nxa5 33. Nd2 Nc6 34. Kd6 Nb4 35. f3 Nd3 36. Kc7 b5 37. Kb6 f5 38. Kxa6 b4 39. Kb5 e5 40. h3 e4 41. fxe4 fxe4 42. Nf1 Ke6 43. g4 d4 44. Ng3 Ke5 45. Kc4 Nf2 46. Kxb4 d3 47. Kc3 e3 48. Nf5 e2 49. Kd2 Ne4+ 50. Ke1 Ng5 51. Nh4 Kd4 52. Kd2 Ke4 0-1

[Event "Torredembarra op 17th"]
[Site "Torredembarra"]
[Date "2015.07.06"]
[Round "3"]
[White "Mindeguia Guruceaga, Juan Jesus"]
[Black "Gonzalez Rodriguez, Jorge Armando"]
[Result "0-1"]
[WhiteElo "2210"]
[BlackElo "2369"]
[PlyCount "144"]
[EventDate "2015.07.04"]
[EventType "swiss"]
[EventRounds "9"]
[EventCountry "ESP"]
[SourceTitle "CBM 167 Extra"]
[Source "ChessBase"]
[SourceDate "2015.09.14"]
[SourceVersion "1"]
[SourceVersionDate "2015.09.14"]
[SourceQuality "1"]

1. e4 e5 2. Nf3 Qe7 3. Nc3 c6 4. d4 d6 5. Bg5 Nf6 6. a4 h6 7. Bh4 Bg4 8. Be2 Nbd7 9. h3 Bxf3 10. Bxf3 g5 11. Bg3 Bg7 12. dxe5 Nxe5 13. Qd4 Nfd7 14. 0-0-0 Nc5 15. Kb1 Rg8 16. Be2 Rd8 17. Qe3 Ng6 18. Bc4 Be5 19. Bxe5 Nxe5 20. Ba2 Qf6 21. f3 h5 22. Rhf1 Qf4 23. Qd4 a5 24. Ne2 Qf6 25. Ng3 h4 26. Nf5 Rg6 27. Ne3 Rd7 28. Rd2 Kd8 29. Rfd1 Kc7 30. c3 Rg8 31. Nc4 Rgd8 32. Ne3 Qh8 33. Kc2 Ne6 34. Bxe6 fxe6 35. Nc4 Nxc4 36. Qxc4 Qe5 37. Qd4 Qxd4 38. Rxd4 e5 39. R4d3 d5 40. Re1 Kd6 41. exd5 cxd5 42. Re4 Ke6 43. Rg4 Kf5 44. Kd2 d4 45. c4 Rc8 46. b3 Rf7 47. Re4 Rc5 48. Kc2 Kg6 49. Rd2 Rf4 50. Kd3 Kf5 51. Re1 Kf6 52. Rde2 Rf5 53. Re4 Rf4 54. R4e2 Rf5 55. Re4 Rc6 56. R4e2 Rb6 57. Rb1 Rf4 58. Rbb2 Ke6 59. Rb1 Rf5 60. Ke4 Rf4+ 61. Kd3 Kf6 62. b4 Rxb4 63. Rxb4 axb4 64. Rb2 g4 65. fxg4 Rf1 66. Rxb4 Rd1+ 67. Ke4 Re1+ 68. Kf3 e4+ 69. Kf4 d3 70. Rb6+ Ke7 71. Rxb7+ Kd6 72. Rb8 Kc7 0-1

[Event "Huarte Puente Foral op 8th"]
[Site "Huarte"]
[Date "2013.12.06"]
[Round "5"]
[White "Mindeguia Guruceaga, Juan Jesus"]
[Black "Ortega Lopez, Mikel"]
[Result "1/2-1/2"]
[WhiteElo "2205"]
[BlackElo "1981"]
[PlyCount "42"]
[EventDate "2013.12.03"]
[EventType "swiss"]
[EventRounds "7"]
[EventCountry "ESP"]
[SourceTitle "EXT 2016"]
[Source "ChessBase"]
[SourceDate "2015.10.08"]
[SourceVersion "1"]
[SourceVersionDate "2015.10.08"]
[SourceQuality "1"]

1. e4 c5 2. c3 g6 3. d4 cxd4 4. cxd4 d5 5. exd5 Nf6 6. Nc3 Nxd5 7. Nf3 Bg7 8. Be2 0-0 9. 0-0 Nc6 10. Re1 Nb6 11. Bg5 Be6 12. Qd2 Nxd4 13. Nxd4 Qxd4 14. Qxd4 Bxd4 15. Bxe7 Rfe8 16. Bg5 Nc4 17. Rad1 Bg7 18. Bxc4 Bxc4 19. Ne4 f5 20. Nf6+ Bxf6 21. Bxf6 Kf7 1/2-1/2

[Event "Huarte Puente Foral op 8th"]
[Site "Huarte"]
[Date "2013.12.05"]
[Round "3"]
[White "Mindeguia Guruceaga, Juan Jesus"]
[Black "Iraneta Unzue, Iker"]
[Result "1-0"]
[WhiteElo "2205"]
[BlackElo "2001"]
[PlyCount "45"]
[EventDate "2013.12.03"]
[EventType "swiss"]
[EventRounds "7"]
[EventCountry "ESP"]
[SourceTitle "EXT 2016"]
[Source "ChessBase"]
[SourceDate "2015.10.08"]
[SourceVersion "1"]
[SourceVersionDate "2015.10.08"]
[SourceQuality "1"]

1. c4 e6 2. g3 Nf6 3. Bg2 d5 4. Nf3 Nbd7 5. 0-0 Be7 6. b3 0-0 7. Bb2 c6 8. d4 b6 9. Ne5 Bb7 10. Nd2 Qc7 11. Rc1 Nxe5 12. dxe5 Nd7 13. cxd5 exd5 14. Bxd5 Nxe5 15. Qc2 Qd7 16. Be4 Ng6 17. Bf5 Qe8 18. h4 Bb4 19. Nf3 Ne7 20. Bxh7+ Kh8 21. Ng5 Nd5 22. Bg8 f5 23. Bxd5 1-0

[Event "Euskadi-ch"]
[Site "Zornotza"]
[Date "2012.04.12"]
[Round "4"]
[White "Mindeguia Guruceaga, Juan Jesus"]
[Black "Ladron de Guevara Galar, Francisco Javier"]
[Result "0-1"]
[WhiteElo "2234"]
[BlackElo "2139"]
[PlyCount "70"]
[EventDate "2012.04.09"]
[EventType "swiss"]
[EventRounds "7"]
[EventCountry "ESP"]
[SourceTitle "CBM 147 Extra"]
[Source "ChessBase"]
[SourceDate "2012.04.24"]
[SourceVersion "1"]
[SourceVersionDate "2012.04.24"]
[SourceQuality "1"]

1. e4 e5 2. Nf3 Nc6 3. Bc4 Nf6 4. Ng5 d5 5. exd5 Na5 6. Bb5+ c6 7. dxc6 bxc6 8. Be2 h6 9. Nf3 e4 10. Ne5 Bd6 11. d4 exd3 12. Nxd3 Qc7 13. b3 0-0 14. Bb2 Ne4 15. Nc3 f5 16. h3 Ba6 17. 0-0 Rad8 18. Qe1 Rfe8 19. Nxe4 fxe4 20. Nc1 Bc8 21. Bh5 Re7 22. Ne2 Ba6 23. c4 Nb7 24. Nd4 Be5 25. Rd1 c5 26. Nf5 Bxb2 27. Qe2 Bd4 28. Qg4 Kh8 29. Qg6 Rd6 30. Qg3 Qd7 31. Qf4 Rf6 32. Qb8+ Nd8 33. Bg4 Qc7 34. Qa8 Bb7 35. Qxa7 Ra6 0-1

[Event "Euskadi-chT (Vasca) Div 1st"]
[Site "Bergara"]
[Date "2012.01.14"]
[Round "1"]
[White "Mindeguia Guruceaga, Juan Jesus"]
[Black "Trigo Urquijo, Sergio"]
[Result "1/2-1/2"]
[WhiteElo "2234"]
[BlackElo "2225"]
[PlyCount "64"]
[EventDate "2012.01.14"]
[EventType "team-tourn"]
[EventRounds "9"]
[EventCountry "ESP"]
[SourceTitle "EXT 2024"]
[Source "ChessBase"]
[SourceDate "2023.10.10"]
[SourceVersion "1"]
[SourceVersionDate "2023.10.10"]
[SourceQuality "1"]

1. e4 c5 2. c3 Nf6 3. e5 Nd5 4. d4 cxd4 5. cxd4 d6 6. exd6 e6 7. Nc3 Bxd6 8. Nf3 0-0 9. Bd3 Nd7 10. 0-0 Nxc3 11. bxc3 b6 12. Bg5 Qc7 13. Rc1 Bb7 14. Qe2 Bf4 15. Bxf4 Qxf4 16. Nd2 e5 17. Qe3 Qxe3 18. fxe3 Nf6 19. Bc4 Rfe8 20. Nf3 exd4 21. exd4 Rac8 22. Ne5 Rxc4 23. Nxc4 Ba6 24. Ne5 Bxf1 25. Kxf1 b5 26. a4 a6 27. axb5 axb5 28. Rb1 Ne4 29. Rxb5 Nxc3 30. Rb7 f6 31. Nc6 Nd5 32. Rb5 Nc3 1/2-1/2

[Event "Condom op-A"]
[Site "Condom"]
[Date "2009.07.13"]
[Round "4"]
[White "Gertosio, Franck"]
[Black "Mindeguia Guruceaga, Juan Jesus"]
[Result "1-0"]
[WhiteElo "2038"]
[BlackElo "2180"]
[PlyCount "69"]
[EventDate "2009.07.11"]
[EventType "swiss"]
[EventRounds "9"]
[EventCountry "FRA"]
[SourceTitle "CBM 131 Extra"]
[Source "ChessBase"]
[SourceDate "2009.09.03"]
[SourceVersion "2"]
[SourceVersionDate "2009.09.16"]
[SourceQuality "1"]

1. e4 c5 2. Nf3 e6 3. d4 cxd4 4. Nxd4 Nf6 5. Nc3 Nc6 6. Ndb5 d6 7. Bf4 e5 8. Bg5 a6 9. Na3 b5 10. Nd5 Be7 11. Bxf6 Bxf6 12. c3 Ne7 13. Nc2 Nxd5 14. Qxd5 Rb8 15. Ne3 0-0 16. Qd3 Bg5 17. Nf5 Bxf5 18. exf5 e4 19. Qd5 Re8 20. Rd1 Bf4 21. g3 Be5 22. Bg2 b4 23. 0-0 bxc3 24. bxc3 Bxc3 25. Bxe4 Qa5 26. Qd3 Qe5 27. Bc6 Red8 28. Rc1 Bb4 29. Bd5 Rd7 30. Rb1 Rb6 31. a3 Bc5 32. Qxa6 Bxf2+ 33. Kxf2 Qd4+ 34. Kg2 Qxd5+ 35. Kh3 1-0

[Event "FRA-chT2 South 0809"]
[Site "France"]
[Date "2008.10.12"]
[Round "1.1"]
[White "Mindeguia Guruceaga, Juan Jesus"]
[Black "Favarel, Julien"]
[Result "1/2-1/2"]
[WhiteElo "2209"]
[BlackElo "2288"]
[PlyCount "43"]
[EventDate "2008.10.12"]
[EventType "team-tourn"]
[EventRounds "11"]
[EventCountry "FRA"]
[SourceTitle "EXT 2010"]
[Source "ChessBase"]
[SourceDate "2010.11.25"]
[SourceVersion "1"]
[SourceVersionDate "2010.11.25"]
[SourceQuality "1"]
[WhiteTeam "Condom"]
[BlackTeam "Agen"]
[WhiteTeamCountry "FRA"]
[BlackTeamCountry "FRA"]

1. e4 c5 2. Nf3 Nc6 3. d4 cxd4 4. Nxd4 Nf6 5. Nc3 e5 6. Ndb5 d6 7. Bg5 a6 8. Na3 b5 9. Nd5 Be7 10. Bxf6 Bxf6 11. c4 b4 12. Nc2 a5 13. Be2 0-0 14. 0-0 Bg5 15. Qd3 Rb8 16. b3 Be6 17. Rad1 g6 18. Bf3 Kh8 19. Nde3 Be7 20. Nd5 Bg5 21. Nde3 Be7 22. Nd5 1/2-1/2

[Event "Barcelona Sants op 10th"]
[Site "Barcelona"]
[Date "2008.08.23"]
[Round "2"]
[White "Mindeguia Guruceaga, Juan Jesus"]
[Black "Cruz, Cristhian"]
[Result "0-1"]
[WhiteElo "2217"]
[BlackElo "2508"]
[PlyCount "66"]
[EventDate "2008.08.22"]
[EventType "swiss"]
[EventRounds "10"]
[EventCountry "ESP"]
[SourceTitle "CBM 126 Extra"]
[Source "ChessBase"]
[SourceDate "2008.11.05"]
[SourceVersion "1"]
[SourceVersionDate "2008.11.05"]
[SourceQuality "1"]

1. e4 c5 2. Nf3 Nc6 3. d4 cxd4 4. Nxd4 e6 5. Nc3 Qc7 6. g3 a6 7. Bg2 d6 8. 0-0 Bd7 9. Re1 Be7 10. Nxc6 Bxc6 11. a4 Nf6 12. Be3 0-0 13. a5 Nd7 14. Na4 Rae8 15. Nb6 f5 16. Nxd7 Qxd7 17. exf5 Bxg2 18. Kxg2 Rxf5 19. Bb6 Ref8 20. Re2 h5 21. h4 R8f6 22. Qd3 Qc6+ 23. Qe4 d5 24. Qa4 Qc8 25. Rd1 Bc5 26. f4 Bd6 27. Rd4 Rg6 28. Kh2 Qf8 29. Qb3 Qf6 30. Qf3 Kh7 31. c4 e5 32. Rxd5 exf4 33. Rxf5 Qxf5 0-1

[Event "Pamplona-B 18th"]
[Site "Pamplona"]
[Date "2008.??.??"]
[Round "5"]
[White "Mindeguia Guruceaga, Juan Jesus"]
[Black "Fayard, Alain"]
[Result "0-1"]
[WhiteElo "2210"]
[BlackElo "2243"]
[PlyCount "31"]
[EventDate "2008.12.01"]
[EventType "tourn"]
[EventRounds "9"]
[EventCountry "ESP"]
[EventCategory "4"]
[SourceTitle "CBM 127 Extra"]
[Source "ChessBase"]
[SourceDate "2009.01.08"]
[SourceVersion "2"]
[SourceVersionDate "2009.01.28"]
[SourceQuality "1"]

1. e4 e5 2. Nf3 Nf6 3. Nxe5 d6 4. Nf3 Nxe4 5. Nc3 Nxc3 6. dxc3 Be7 7. Bf4 Nd7 8. h4 Nc5 9. h5 Ne4 10. Be3 Bg4 11. Bc4 Be6 12. Bxe6 Nd2 13. Rh4 d5 14. c4 dxc4 15. Qb1 b6 16. a4 0-1

[Event "Pamplona 2nd"]
[Site "Pamplona"]
[Date "2007.12.06"]
[Round "7"]
[White "Mindeguia Guruceaga, Juan Jesus"]
[Black "Ninov, Nikolai"]
[Result "0-1"]
[WhiteElo "2224"]
[BlackElo "2518"]
[PlyCount "96"]
[EventDate "2007.12.02"]
[EventType "tourn"]
[EventRounds "9"]
[EventCountry "ESP"]
[EventCategory "6"]
[SourceTitle "CBM 121 Extra"]
[Source "ChessBase"]
[SourceDate "2008.01.10"]
[SourceVersion "1"]
[SourceVersionDate "2008.01.10"]
[SourceQuality "1"]

1. e4 c5 2. c3 d5 3. exd5 Qxd5 4. d4 Nf6 5. Nf3 Bg4 6. Nbd2 Nc6 7. Bc4 Bxf3 8. Qxf3 Qxf3 9. Nxf3 cxd4 10. cxd4 e6 11. 0-0 Bd6 12. Bg5 Nd5 13. Bxd5 exd5 14. Rfe1+ Kd7 15. Ne5+ Bxe5 16. dxe5 Rhe8 17. Rad1 Ke6 18. Be3 Red8 19. Bc5 Rac8 20. f4 b6 21. Bd6 h5 22. Re2 Na5 23. f5+ Kxf5 24. Rxd5 Rc1+ 25. Kf2 Ke6 26. Rd3 Nc6 27. Rh3 Rh8 28. Rd2 Rc4 29. Rg3 Rg8 30. h3 Rf4+ 31. Kg1 Nd4 32. Rc3 Rd8 33. Rc7 Rd7 34. Rc8 Re4 35. Re8+ Kf5 36. Rf2+ Kg6 37. Rg8 h4 38. Rc8 Nf5 39. Rc7 Rxc7 40. Bxc7 Rc4 41. Bb8 Ng3 42. Rf3 Rc1+ 43. Kf2 Rc2+ 44. Kg1 a6 45. Ra3 Ne4 46. Kf1 a5 47. Re3 Ng3+ 48. Kg1 Rc1+ 0-1

[Event "Euskadi-ch"]
[Site "Zornotza"]
[Date "2007.04.13"]
[Round "4"]
[White "Mindeguia Guruceaga, Juan Jesus"]
[Black "Gonzalez de la Torre, Santiago"]
[Result "0-1"]
[WhiteElo "2214"]
[BlackElo "2348"]
[PlyCount "64"]
[EventDate "2007.04.10"]
[EventType "swiss"]
[EventRounds "7"]
[EventCountry "ESP"]
[SourceTitle "EXT 2008"]
[Source "ChessBase"]
[SourceDate "2007.11.25"]
[SourceVersion "1"]
[SourceVersionDate "2007.11.25"]
[SourceQuality "1"]

1. e4 c5 2. Nf3 Nc6 3. d4 cxd4 4. Nxd4 Nf6 5. Nc3 d6 6. Be2 g6 7. Be3 Bg7 8. 0-0 0-0 9. f4 Qb6 10. Na4 Qa5 11. Nc3 Qb6 12. Na4 Qb4 13. c3 Qa5 14. Nxc6 bxc6 15. e5 dxe5 16. fxe5 Qxe5 17. Bf4 Qa5 18. b4 Qd5 19. Bf3 Qxd1 20. Raxd1 Nd5 21. Bxd5 cxd5 22. Rxd5 Be6 23. Rd2 Bc4 24. Rc1 e5 25. Be3 f5 26. Nc5 Rae8 27. g3 f4 28. gxf4 exf4 29. Bd4 Bh6 30. Rf2 Rf5 31. h4 f3 32. Nd7 Bxc1 0-1

[Event "Euskadi-ch"]
[Site "Zornotza"]
[Date "2007.04.11"]
[Round "3"]
[White "Argandona Riveiro, Inigo"]
[Black "Mindeguia Guruceaga, Juan Jesus"]
[Result "1/2-1/2"]
[WhiteElo "2377"]
[BlackElo "2214"]
[PlyCount "33"]
[EventDate "2007.04.10"]
[EventType "swiss"]
[EventRounds "7"]
[EventCountry "ESP"]
[SourceTitle "EXT 2008"]
[Source "ChessBase"]
[SourceDate "2007.11.25"]
[SourceVersion "1"]
[SourceVersionDate "2007.11.25"]
[SourceQuality "1"]

1. d4 d5 2. Nf3 e6 3. Nbd2 Nf6 4. e3 b6 5. Ne5 Bb7 6. f4 Bd6 7. Qf3 c5 8. Bd3 Nc6 9. c3 Qc7 10. g4 0-0-0 11. g5 Ne8 12. Qh3 Bxe5 13. fxe5 g6 14. Nf3 Ne7 15. Bd2 c4 16. Bc2 Ng7 17. 0-0-0 1/2-1/2

[Event "Orvina"]
[Site "Orvina"]
[Date "2006.12.05"]
[Round "3"]
[White "Navarro Cia, Miguel"]
[Black "Mindeguia Guruceaga, Juan Jesus"]
[Result "1-0"]
[WhiteElo "2297"]
[BlackElo "2207"]
[PlyCount "61"]
[EventDate "2006.12.03"]
[EventType "tourn"]
[EventRounds "9"]
[EventCountry "ESP"]
[EventCategory "4"]
[SourceTitle "EXT 2008"]
[Source "ChessBase"]
[SourceDate "2007.11.25"]
[SourceVersion "1"]
[SourceVersionDate "2007.11.25"]
[SourceQuality "1"]

1. e4 e5 2. Nf3 Nf6 3. Nxe5 d6 4. Nf3 Nxe4 5. Nc3 Nxc3 6. dxc3 Be7 7. Bf4 0-0 8. Qd2 Nd7 9. 0-0-0 Nc5 10. h4 c6 11. h5 Be6 12. h6 g6 13. Qd4 Bf6 14. Qe3 Bd5 15. c4 Re8 16. Qa3 Bxf3 17. gxf3 Bg5 18. Bxg5 Qxg5+ 19. Kb1 a5 20. Qc3 Qe5 21. Qd2 a4 22. a3 Rad8 23. Bh3 Qf6 24. Bg4 Re5 25. Ka2 d5 26. Qa5 d4 27. f4 Ree8 28. Qxc5 Qxf4 29. Rdg1 d3 30. cxd3 Rxd3 31. Rd1 1-0